Ricostruisci la Carriera del Calciatore - Kevin Trapp - Statistics

Statistiche generali
  • Questo quiz è stato fatto 9 volte
  • Il punteggio medio è 4 su 5
Statistiche sulle risposte
Hint Risposta % Corretto
2008-2012 Kaiserslautern
100%
2015-2018 Paris Saint-Germain
100%
2018- Eintracht Francoforte
86%
2007-2011 Kaiserslautern II
86%
2012-2015 Eintracht Francoforte
71%
Nessun quiz corrispondente trovato
Distribuzione punteggi
Percentuale di utenti per punteggio
Percentile per numero di risposta
I tuoi punteggi nel tempo
Non hai fatto questo quiz